| 000 | 00833nam a2200313Ia 4500 | ||
|---|---|---|---|
| 003 | OSt | ||
| 005 | 20230225093358.0 | ||
| 008 | 210210b1998 xxu||||| |||| 00| 0 eng d | ||
| 020 | _a8121908809 | ||
| 040 |
_aAL _c |
||
| 041 | _aeng | ||
| 082 | _a580/286 UGC | ||
| 100 |
_aVASISHTA (P C) _934013 |
||
| 245 |
_aBotany for degree students: _bGymnosperms Vol 5 |
||
| 250 | _a 2 | ||
| 260 |
_aNew Delhi _bS. Chand & Co. Ltd. _c1998 |
||
| 300 |
_aviii,500p. _bPB _c24x16cm. |
||
| 440 |
_nVol.5 _973294 |
||
| 650 |
_aCycadopsida _934017 |
||
| 650 |
_aGlossopteridaceae _973295 |
||
| 650 |
_aPeltaspermaceae _973296 |
||
| 651 |
_aCaytoniaceae _973297 |
||
| 651 |
_aConiferopsida _973298 |
||
| 651 |
_aGnetaceae _973299 |
||
| 690 |
_aBotany _934021 |
||
| 700 |
_aVASHISHTA (P C) _973300 |
||
| 906 | _a055497 | ||
| 942 |
_2ddc _cBK |
||
| 999 |
_c127311 _d127311 |
||